Textbook of Banking Currency And Finance (Record no. 3423)
[ view plain ]
| 000 -LEADER | |
|---|---|
| fixed length control field | 00312nam a2200133Ia 4500 |
| 008 - FIXED-LENGTH DATA ELEMENTS--GENERAL INFORMATION | |
| fixed length control field | 230312s9999||||xx |||||||||||||| ||und|| |
| 082 ## - DEWEY DECIMAL CLASSIFICATION NUMBER | |
| Classification number | 332.3 |
| Item number | HUS-T |
| 100 ## - MAIN ENTRY--PERSONAL NAME | |
| Personal name | Hussain;Rana,Safdar |
| 245 #0 - TITLE STATEMENT | |
| Title | Textbook of Banking Currency And Finance |
| 260 ## - PUBLICATION, DISTRIBUTION, ETC. | |
| Place of publication, distribution, etc. | PK |
| 300 ## - PHYSICAL DESCRIPTION | |
| Extent | 382 |
| 650 ## - SUBJECT ADDED ENTRY--TOPICAL TERM | |
| Topical term or geographic name entry element | Economics |
| 942 ## - ADDED ENTRY ELEMENTS (KOHA) | |
| Koha item type | BOOK |
No items available.
